000 00232nam a22001097a 4500
003 OSt
008 231115b |||||||| |||| 00| 0 eng d
041 _amal
100 _aKumaran, V.
_95647
245 _aLaghuvinjaneeyam /
942 _cBK
999 _c17887
_d17887